| 000 | 00376cam a22001097a 4500 | ||
|---|---|---|---|
| 008 | 180718b1949 xxu||||| |||| 00| 0 eng d | ||
| 082 | _aR78x42 Un3ra | ||
| 245 |
_aReport of a board of conciliation _cby Ministry of Labour and National Service |
||
| 260 |
_aLondon _bHis Majesty's Stationery Office _c1949 |
||
| 300 | _a131p | ||
| 700 | _aU.K. Ministry of Labour and National Service | ||
| 999 |
_c420366 _d420366 |
||